| Tag |
First Indicator |
Second Indicator |
Subfields |
| LEADER |
00000cam a2200000 4500 |
| 001 |
in00000307175 |
| 005 |
20151010143623.0 |
| 008 |
710414r19711935nyuc 00100beng |
| 010 |
|
|
|a 70142691
|
| 020 |
|
|
|a 0836920732
|
| 035 |
|
|
|a (OCoLC)00132682
|
| 035 |
|
|
|9 ABH5595AM
|
| 040 |
|
|
|a DLC
|c DLC
|d TXA
|d UtOrBLW
|
| 041 |
1 |
|
|a eng
|a fre
|
| 043 |
|
|
|a e-fr---
|
| 049 |
|
|
|a TXAM
|c [706356]
|
| 050 |
0 |
0 |
|a DC715
|b .S32 1971
|
| 082 |
0 |
|
|a 920.044
|
| 100 |
1 |
|
|a Scheikévitch, Marie.
|
| 245 |
1 |
0 |
|a Time past; memories of Proust and others /
|c Translated by Francoise Delisle.
|
| 264 |
|
1 |
|a Freeport, N.Y. :
|b Books for Libraries Press,
|c [1971]
|
| 300 |
|
|
|a 320 pages :
|b portraits ;
|c 23 cm.
|
| 336 |
|
|
|a text
|b txt
|2 rdacontent
|
| 337 |
|
|
|a unmediated
|b n
|2 rdamedia
|
| 338 |
|
|
|a volume
|b nc
|2 rdacarrier
|
| 490 |
0 |
|
|a Essay index reprint series
|
| 500 |
|
|
|a Reprint of the 1935 edition.
|
| 500 |
|
|
|a Translation of Souvenirs d'un temps disparu.
|
| 600 |
1 |
0 |
|a Proust, Marcel,
|d 1871-1922.
|
| 651 |
|
0 |
|a Paris (France)
|x Intellectual life.
|
| 700 |
1 |
|
|a Delisle, Françoise Roussel.
|
| 999 |
|
|
|a MARS
|
| 999 |
f |
f |
|s 2898f247-e1d4-34f0-aea3-9cb104ecc68e
|i d836ed56-cf3e-3ed8-99c6-6b695d30fbf3
|t 0
|
| 952 |
f |
f |
|p ric
|a Texas A&M University
|b Rellis Campus
|c Joint Library Facility
|d Remote Storage
|t 0
|e DC715 .S32 1971
|h Library of Congress classification
|i unmediated -- volume
|m A14801968397
|
| 998 |
f |
f |
|a DC715 .S32 1971
|t 0
|l Remote Storage
|